Online
Catalog

Girón. los días de una gloriosa batalla = Giron. the glorious days of the bay of pigs batttle / (Record no. 3534)

MARC details
000 -CABECERA
campo de control de longitud fija 00756nam a2200205 a 4500
001 - NÚMERO DE CONTROL
campo de control 000003712
005 - FECHA Y HORA DE LA ÚLTIMA TRANSACCIÓN
campo de control 20200929150536.0
008 - DATOS DE LONGITUD FIJA--INFORMACIÓN GENERAL
campo de control de longitud fija 090713s2007 dr c 000 0 spa d
020 ## - NÚMERO INTERNACIONAL ESTÁNDAR DEL LIBRO
Número Internacional Estándar del Libro 9788461172252
040 ## - FUENTE DE LA CATALOGACIÓN
Centro catalogador/agencia de origen DO-SdBNP
Lengua de catalogación spa
Centro/agencia transcriptor BNPHU
041 17 - CÓDIGO DE LENGUA
Código de lengua del texto/banda sonora o título independiente spa
Fuente del código eng
082 ## - NÚMERO DE LA CLASIFICACIÓN DECIMAL DEWEY
Número de clasificación xxx
Número de documento/Ítem C823g
100 1# - ENTRADA PRINCIPAL--NOMBRE DE PERSONA
Nombre de persona Corrales, Raúl,
Fechas asociadas al nombre 1925-
9 (RLIN) 11323
245 10 - MENCIÓN DE TÍTULO
Título Girón. los días de una gloriosa batalla = Giron. the glorious days of the bay of pigs batttle /
Mención de responsabilidad, etc. Raul Corrales; edición Carlos Torres.
246 11 - FORMA VARIANTE DE TÍTULO
Título propio/Titulo breve Girón. the glorious days of the bay of pigs batttle /
260 ## - PUBLICACIÓN, DISTRIBUCIÓN, ETC.
Lugar de publicación, distribución, etc. Valencia :
Nombre del editor, distribuidor, etc. Ediciones Aurelia,
Fecha de publicación, distribución, etc. 2007.
300 ## - DESCRIPCIÓN FÍSICA
Extensión 115 p. :
Otras características físicas retrs. ;
Dimensiones 30 cm.
500 ## - NOTA GENERAL
Nota general Incluye datos biográficos del autor en las solapas
700 1# - PUNTO DE ACCESO ADICIONAL--NOMBRE DE PERSONA
Nombre de persona Torres, Carlos
Término indicativo de función/relación ed.
9 (RLIN) 11324
Holdings
Estado de retiro Estado de pérdida Restricciones de uso No para préstamo Código de colección Localización permanente Ubicación/localización actual Ubicación en estantería Fecha de adquisición Número de inventario Total de préstamos Signatura topográfica completa Código de barras Fecha visto por última vez Precio válido a partir de Tipo de ítem Koha
    Préstamo interno   Patrimonio Dominicano General General En catalogación 13.07.2009 LF1   xxx C823g 3712-10 25.06.2020 25.06.2020 Libro y Folleto Colección Patrimonio Dominicano

Powered by Koha